00319nam a2200109Ia 4500008004100000082000800041100001400049245003000063942000600093952009500099999001500194240331s9999 xx 000 0 und d bSUB aSuppu R.D 0aKalvi ulaviyal kodpaduhal cL 001040708LaWERCLbWERCLcSSCd2024-03-31l0o 370 SUBp1544r2024-03-31w2024-03-31yL c3609d3609